000
00335nam a2200121Ia 4500
008
151015s9999 xx 000 0 und d
020
_a
9.7815921287e+012
245
_a
Hubbard, Ron L
250
_a
_Writes of th future L.Ron Hubbard
300
_a
Hollywood Galaxy press 2011
650
_a
_Novel
700
_a
^d20130213 02:38:23^oanne
999
_c
3939
_d
3939